El agua: un factor para el conflicto o la paz para el Oriente Medio
محفوظ في:
| التنسيق: | نص |
|---|---|
| الموضوعات: | |
| الوسوم: |
إضافة وسم
لا توجد وسوم, كن أول من يضع وسما على هذه التسجيلة!
|
MARC
| LEADER | 00000 a a2200000 04500 | ||
|---|---|---|---|
| 001 | 273 | ||
| 003 | |||
| 040 | |||
| 245 | |a El agua: |b un factor para el conflicto o la paz para el Oriente Medio | ||
| 650 | |a AGUA | ||
| 650 | |a ESCASEZ DE AGUA | ||
| 650 | |a CRISIS SOCIAL | ||
| 650 | |a CONFLICTOS SOCIALES | ||
| 650 | |2 Macrothesaurus de la OCDE | ||
| 650 | |a POLITICA | ||
| 650 | |a ORIENTE MEDIO | ||
| 773 | |g número 9; páginas 57-69 | ||
| 999 | |c 28200 |d 28200 | ||
| 773 | 0 | |0 41952 |9 3372 |d Madrid: Solidaridad para el desarrollo y la paz, SODEPAZ-SODEPAU; Asociación Andaluza por la solidaridad y la paz 1990- |o 03629 |t Africa América Latina: |x 11302569 | |
